000 00909nam0a22002291i 4500
001 rc\3250222
005 20240723213849.0
021 _aRU
_b[74-24913а]
035 _a(NLR Aleph) 007380917
090 _a6507228
_c6507228
100 _a20130115d1974 |||y0rusy50 ca
101 0 _arus
102 _aRU
105 _ay d |||||
200 1 _aЛичное потребление населения и некоторые вопросы его дифференциации при социализме
_e(По материалам АрмССР)
_eАвтореф. дис. на соиск. учен. степени канд. экон. наук
_e(08.00.01)
_fЕреван. гос. ун-т
210 _aЕреван
_d1974
215 _a18 с.
700 1 _aЧмшкян
_bМ.П.
_gМарлена Паруйровна
801 0 _aRU
_bNLR
_gpsbo
801 1 _aRU
_bELAR
_2rusmarc
852 _aNLR
_j74-4/32278
942 _cBOOK